02284 a2200205 45000010006000000050017000060080041000230030015000640400040000790800074001192450044001930200018002372640029002553000019002845051634003030410008019371000057019457000045020027000031020474665120260407155736.0260407a1979 arg spa dAR-UNSa-BCEJYS aAR-UNSa-BCEJYSbspacAR-UNSa-BCEJYS a658.115xEmpresas públicas, estatales y nacionalizadas (Economía)10aAdministración de empresas públicas a958-18-1155-0 1aMéxico :bLimusac1979 a674 p.c23 cm. aVOL. I : 1. los recursos humanos en la empresa pública / Diego Barañano – 2. La empresa pública : un análisis administrativos / Getulio P. Carvalho – 3. Teoría de sistemas aplicada a empresas públicas / Caio Marcio Marini Ferreira y Jorge Luiz de Barros Nóbrega – 4. La divisionalizacion como instrumento de descentralización / Armando Bergamini de Abreu – 5. Administración por objetivos en las empresas públicas / Christian Stephan – 6. La toma de decisiones en el sistema público : problemas principales y una introducción a la utilización de las técnicas de análisis de criterios múltiples / Christian Stephan y Paul F. Simas P. de Abreu – 7. Administración de materiales para empresas de servicios públicos – un enfoque sistemático / Gilson Luis Leal de Meireles – 8. Contabilidad gerencial en las empresas públicas / Claudio de Villemor Salgado – 9. Una revisión teórica del problema de la determinación de los precios en el sector de los servicios públicos / José Ferrer Vallés – 10. Formación de precios y equilibrio económico – factores determinantes del precio. Primera sección – 11. Factores determinantes del precio. Segunda sección – 12. Acumulación de capital y desarrollo económico. Primera sección – 13. Tarifas de energía eléctrica / José Carlos Forseto – 14. Modelo de simulación económico – financiera de la compañía paulista de fuerza y luz / Nelson Burgierman – 15. Estudios de casos en administración de empresas públicas – 16. Ejercicios sobre administración de empresas públicas.  aspa1 aEscuela Interamericana de Administración Pública1 aBanco Interamericano de Desarrollo (BID)1 aFundación Getulio Vargas